Cell biology molecular biology and genetics/ (Record no. 172687)

MARC details
000 -LEADER
fixed length control field 00672nam a22002177a 4500
005 - DATE AND TIME OF LATEST TRANSACTION
control field 20200211111950.0
010 ## - LCCN (DPL NO)
LC control number ENG-127792
020 ## - INTERNATIONAL STANDARD BOOK NUMBER
Terms of availability 490.00
035 ## - SYSTEM CONTROL NUMBER
System control number EN-111324
037 ## - SOURCE OF ACQUISITION
Source of stock number/acquisition DBAD/PUB
082 ## - DEWEY DECIMAL CLASSIFICATION NUMBER
Classification number 570
100 ## - MAIN ENTRY--PERSONAL NAME
Personal name Ragland,Annie
245 ## - TITLE STATEMENT
Title Cell biology molecular biology and genetics/
Statement of responsibility, etc by Annie Ragland,V. Kumaresan [and] N.Arumugam
250 ## - EDITION STATEMENT
Edition statement 1st ed.
260 ## - PUBLICATION, DISTRIBUTION, ETC. (IMPRINT)
Place of publication, distribution, etc Tamil Nadu
Name of publisher, distributor, etc Saras publication
Date of publication, distribution, etc 2018
270 ## - ADDRESS
Address 114/35G,A.R.P.Camp Road,Periavilai,Kottar P.O.,Nagercoil
City Kanyakumari Dist.
Postal code 629002
300 ## - PHYSICAL DESCRIPTION
Extent xxii,;825p
Dimensions 23cm(pbk)
700 ## - ADDED ENTRY--PERSONAL NAME
Personal name V. Kumaresan
700 ## - ADDED ENTRY--PERSONAL NAME
Personal name N.Arumugam
942 ## - ADDED ENTRY ELEMENTS (KOHA)
Source of classification or shelving scheme Dewey Decimal Classification
Item type English Books
Call number suffix RAG
Classification part 570
Holdings
Withdrawn status Lost status Not for loan Collection code Home library Current library Date acquired Source of acquisition Cost, normal purchase price Full call number Barcode Copy number Cost, replacement price Koha item type
      Non-fiction Bawana Bawana 11/02/2020 DBAD/PUB 490.00 570 RAG EN-111324 1 490.00 English Books

© Delhi Public Library
Hit Counter
free hit counter